000 02030nam a2200481 c 4500
003 BLK
005 20250220091807.0
008 180408b bul|||||r ||||||| ||bul||
010 _aKNG00077851000
040 _aBLK
041 _aBUL
_cBUL
072 7 _2bullib
_aН35
_xОбществено управление. Военни науки Н
072 7 _2bullib
_aК
_xКраезнание
080 _aВоенни набори на действуващи и запасни войски. Военен потенциал. Мобилизация
_b355.2
_x:061.25(497.215)(091)(092)
_z355.2:061.25(497.215)(091)(092)
080 _aВоенна история - Военни походи, битки, героични подвизи. Вж и 93/99
_b355.48
_x(497.2)
_z355.48(497.2)
080 _aБиографии
_b929
_x(497.215)
_z929(497.215)
100 1 _aГагов, Атанас Иванов
_eпърви автор
_9278705
139 _aГагов, Атанас Иванов
_bГ 14
245 1 0 _aИ ние сме дали нещо на армията и на България
_cАтанас Иванов Гагов.
257 _aBGR
260 _bИзд. авт.
_c2011
_aРусе
300 _a55 с.
_c21 см
380 _a3
650 0 _aВоеннослужещи - България - учреждения и организации
_9270687
650 4 _aВоенно дело - България - история
_9265078
651 4 _aРусе
_9179462
651 4 _aБългария
_9241624
653 _aвоеннослужещи
653 _aзапасни военни
653 _aдружества
653 _aвоенна история
659 _aК
659 _aН
852 _aЦб 253231
852 _aК 355/359/Г 14 А
856 4 _qpdf
856 4 _qpdf
942 _cKNG
_n0
_s1
_01
944 _aCR
_c17.10.2011
_lГеновева Генчева
_k30560
944 _aED
_c19.02.2015
_lф /
_kВаля_Йорданова
999 _c73458
_d73458
999 _d73458
999 _d73458